000 00443nam a2200133Ia 4500
008 231129s2012||||xx |||||||||||||| ||spa||
020 _a978-958-57317-1-4
040 _bspa
082 _a792.82 P964p
245 0 _aPrograma de mano: coreografí­as colombianas que hicieron historia
260 _c2012
264 _aBogotá Colombia : Ministerio de Cultura : Alcaldí­a Mayor de Bogotá
942 _2ddc
_cBKS
999 _c23333
_d23333